Statistiques concernant Les 20 pays les plus démocratiques

Cliquez ici pour prendre le quiz!

Statistiques générales

  • Ce quiz a été pris 132 fois
  • Le résultat moyen est 15 sur 20

Statistiques - réponses

Score (sur 10)Pays% Correct
9,08Canada
96%
9,45Suède
94%
9,03Finlande
93%
9,93Norvège
93%
9,11Danemark
90%
9,09Suisse
89%
8,64Allemagne
88%
9,58Islande
86%
9,01Australie
85%
8,92Pays-Bas
84%
8,30Espagne
83%
8,05Etats-Unis
83%
8,85Irlande
83%
8,31Royaume-Uni
83%
8,54Autriche
78%
8,88Luxembourg
78%
9,26Nouvelle-Zélande
76%
8,39Malte
50%
8,17Uruguay
14%
8,27Maurice
12%

Distribution des résultats

Percentile par nombre de réponses

% des personnes avec chaque résultat

Votre développement - résultats

Vous n’avez pas pris ce quiz